000
00320nam a22001457a 4500
003
OSt
008
220521b ||||| |||| 00| 0 eng d
020
_a
9781473637467
082
_a
155.9 ROF
100
_a
ROSLING,Hans
245
_a
Fact Fulness
260
_a
London
_b
Sceptre
_c
2018
300
_a
342
942
_2
ddc
_c
BK
999
_c
11246
_d
11246